Shah Raees Khan ki tareekh Gilgit / (Record no. 331611)

000 -LEADER
fixed length control field nam a22 7a 4500
003 - CONTROL NUMBER IDENTIFIER
control field NUST
005 - DATE AND TIME OF LATEST TRANSACTION
control field 20171006100318.0
008 - FIXED-LENGTH DATA ELEMENTS--GENERAL INFORMATION
fixed length control field 171006b xxu||||| |||| 00| 0 eng d
020 ## - INTERNATIONAL STANDARD BOOK NUMBER
International Standard Book Number 9693511093
040 ## - CATALOGING SOURCE
Transcribing agency NUST
082 ## - DEWEY DECIMAL CLASSIFICATION NUMBER
Classification number 954.9122
Author Mark KHA
100 ## - MAIN ENTRY--PERSONAL NAME
Personal name Shah Raees Khan
9 (RLIN) 5288
245 ## - TITLE STATEMENT
Title Shah Raees Khan ki tareekh Gilgit /
Statement of responsibility, etc. moalif: Ahmad Hassan Dani
260 ## - PUBLICATION, DISTRIBUTION, ETC.
Place of publication, distribution, etc. Lahore:
Name of publisher, distributor, etc. Sang -e- Meel Publications,
Date of publication, distribution, etc. 2000
300 ## - PHYSICAL DESCRIPTION
Extent 422 p.
546 ## - LANGUAGE NOTE
Language note In Urdu
650 ## - SUBJECT ADDED ENTRY--TOPICAL TERM
Topical term or geographic name entry element History Gilgit
9 (RLIN) 5289
880 ## - ALTERNATE GRAPHIC REPRESENTATION
Linkage 100-01\(3\r
Title شاہ رئیس خان
880 ## - ALTERNATE GRAPHIC REPRESENTATION
Linkage 245-02\(3\r
Title شاہ رئیس خان کی تاریخ گلگت
c مؤلف: احمد حسن دانی
880 ## - ALTERNATE GRAPHIC REPRESENTATION
Linkage 260-03\(3\r
Title لاہور:
b سنگ میل پبلی کیشنز،
c 2000
942 ## - ADDED ENTRY ELEMENTS (KOHA)
Source of classification or shelving scheme
Koha item type Book
Holdings
Withdrawn status Lost status Source of classification or shelving scheme Damaged status Not for loan Permanent Location Current Location Shelving location Date acquired Total Checkouts Full call number Barcode Checked out Date last seen Date last checked out Copy number Price effective from Koha item type
          Central Library (CL) Central Library (CL) Book Cart 10/06/2017 2 954.9122 KHA CL585 09/18/2025 08/19/2025 08/19/2025 1 10/06/2017 Book
© 2023 Central Library, National University of Sciences and Technology. All Rights Reserved.